02256 a2200373 45000010006000000050017000060080041000230030015000640400040000790800055001192450059001740200022002332640075002553000019003305051079003490410008014281000023014367000018014597000024014777000020015017000023015217000018015447000022015627000019015847000029016037000024016327000017016567000020016737000018016937000025017117000027017367000020017638560099017834587820260407155731.0260407a2007 arg spa dAR-UNSa-BCEJYS aAR-UNSa-BCEJYSbspacAR-UNSa-BCEJYS a331.5(82)xMercado de Trabajo. Empleo en Argentina10aEstructura productiva y empleopUn enfoque transversal a978-84-96571-68-6 1aBuenos Aires :bMinisterio de Trabajo, Empleo y Seguridad Socialc2007 a397 p.c23 cm. a1. Trayectorias laborales en la Argentina desde mediados de la décaca del noventa / Victoria Cimoli, Marta Novick y Héctor Palomino - 2. Enfoques actuales sobre el sector informal / María Antonia Gallart - 3. Comportamientos estratégicos y creación de empleo en la post-convertibilidad. El caso de las empresas de rápido crecimiento / Hugo Kantis y Juan Federico - 4. Tramas productivas y de generación de ventajas competitivas: un abordaje metodológico para pasar de la firma individual a la red / Gabriel Yoguel - 5. Tramas productivas de alta tecnología y ocupación / Roberto Bisang y Sebastián Sztulwark - 6. Ocupación y empleo en el complejo productivo lácteo en la Argentina / Graciela E. Gutman - 7. La trama automotriz, dinámica del empleo y trayectorias laborales desde mediados de los noventa / Victoria Castillo, Sofía Rojo, Sebastián Rotondo y Gabriel Yoguel - 8. Especialización productiva y empleo en Áreas Económicas Locales / Ximena Mazorra y Alejandra Beccaria - 9. Género y diferenciales de salarios en la Argentina. aspa1 aPalomino, Héctor1 aNovick, Marta1 aBeccaria, Alejandra1 aBisang, Roberto1 aCastillo, Victoria1 aCimoli, Mario1 aEsquivel, Valeria1 aFederico, Juan1 aGallart, María Antonia1 aGutman, Graciela E.1 aKantis, Hugo1 aMazorra, Ximena1 aRojo, Sofía1 aRotondo, Sebastián1 aSztulwark, Sebastián1 aYoguel, Gabriel41uhttps://www.biblioeco.unsa.edu.ar/pmb/images/libros/L127220.jpgyImagen de portadaqimage/jpeg